00757nam a22002297a 45000010005000000030006000050050017000110080041000280200018000690400029000870820008001161000026001242450049001502600055001993000049002544900022003035050008003255200114003335210029004475210020004767000031004969749FISKH20260204154826.0260204b cb ||||| |||| 00| 0 eng d a9559831379546 aFISKHbengcFISKHdFISKH a372 aClare , Geraldine St. aNight bug-busters / cBy Geraldine St.Clare  aRCDS Sdn . Bhd . : bSeberang Prai Tengah ,c2001. a16 pages : bcolor illustrations ;c20 cm .  aBookworm Buddies  aG  aThis book introduces young children to the very important and urgent issue of the environmental conservation.8 a380 bLexile estimate 8 aG bRaz-Plus  aMatthew , C.eIllustrator